• 首页
  • 本馆介绍
  • 公告通知
  • 最新文献
  • 馆藏检索
  • 电子资源
  • 读者导购
  • 参考咨询
  • 我的图书馆
  • 登录
  • 详细信息显示
  • 放入我的书架
  • 预约/预借图书
  • 作者相关作品
  • 分类相关作品
  • 丛书相关作品
  • 出版社相关作品

书目信息

  • 表格格式
  • 工作单格式
  • 卡片格式
题名:
20世纪法国小说诗学
    
 
作者: 史忠义 著
分册:  
出版信息: 北京   社会科学文献出版社  2000.01
页数: 473页
开本: 32开
丛书名: 法国当代文学广角文丛
单 册:
中图分类: I565.074
科图分类:
主题词: 文学
电子资源:
ISBN: 7-80149-224-2
000 00635nam0 2200217 45
001 0205141502
005 20031219104055.7
010    @a7-80149-224-2@dCNY28.00
100    @a20020514d2000 km y0chiy0120 ea
101 0  @achi
105    @a z 000yy
200 1  @a20世纪法国小说诗学@A20 Shi Ji Fa Guo Xiao Shuo Shi Xue@f史忠义著@FShi Zhong Yi Zhu
210    @a北京@c社会科学文献出版社@d2000.01
215    @a473页@d32开
225    @a法国当代文学广角文丛
410    @12001 @a法国当代文学广角文丛
606 0  @a文学
690    @aI565.074@v4
701    @a史忠义@4著
801    @aCN@bTSTC@c20020514
905    @b309698-702@dI565.074@e320@f5
    
    20世纪法国小说诗学/史忠义著.-北京:社会科学文献出版社,2000.01
    473页;32开.-(法国当代文学广角文丛)
    
    
    ISBN 7-80149-224-2:CNY28.00
    
●
相关链接 在E读中查询图书 在五车中查询图书 在当当中查询图书 在豆瓣中查询图书


正题名:20世纪法国小说诗学     索取号:I565.074/320         预约/预借

序号 登录号 条形码 馆藏地/架位号 状态 备注
1 0309698   203096988   第二借阅区/ [索取号:I565.074/320] 在馆    
2 0309699   203096997   第二借阅区/ [索取号:I565.074/320] 在馆    
3 0309700   203097004   第二借阅区/ [索取号:I565.074/320] 在馆    
4 0309701   203097013   第二借阅区/ [索取号:I565.074/320] 在馆    
5 0309702   203097022   第一样本阅览室/ [索取号:I565.074/320] 在馆    
唐山师范学院图书馆 欢迎您!
大连网信软件有限公司© 版权所有